000 00299nam a22001337a 4500
008 170706b xxu||||| |||| 00| 0 eng d
020 _a9780312412821
041 _aeng
080 _a821.18
100 _a22
101 _aGJL
245 _aWRITING ABOUT LITERATURE
_cGARDNER, J.E
942 _2udc
_cBK
999 _c19983
_d19983